00385nam a2200121Ia 45000010005000000080041000050820027000461000030000732450103001032600016002069010026002229990015002481460241024s9999 xx 000 0 und d aRD/350/p273i/ITEP-2010 aParticipación Ciudadana 0aIndice de cumplimiento de normas que promueven transparencia en la gestión pública (ITEP_2010) bUSAIDc2010 a5/5/2011 3:50:32 p.m. c9492d9492